000
00316nam a2200133Ia 4500
008
231017s9999 xx 000 0 und d
082
_a
388.123
082
_b
GON
245
0
_a
NCHRP Report 495: Effect of Truck Weight on Bridge Network Costs
245
0
_c
TRB
260
_b
TRB
300
_c
30cm
942
_c
REP
999
_c
604352
_d
604352